CRANFORD (Record no. 18528)

MARC details
000 -LEADER
fixed length control field 00282nam a2200121Ia 4500
008 - FIXED-LENGTH DATA ELEMENTS--GENERAL INFORMATION
fixed length control field 240624s9999 xx 000 0 und d
041 ## - LANGUAGE CODE
Language code of text/sound track or separate title eng
082 ## - DEWEY DECIMAL CLASSIFICATION NUMBER
Classification number 823 GAS
100 ## - MAIN ENTRY--PERSONAL NAME
Personal name GASKELL ELIZABETH
245 ## - TITLE STATEMENT
Title CRANFORD
260 ## - PUBLICATION, DISTRIBUTION, ETC.
Date of publication, distribution, etc. 1918
Place of publication, distribution, etc. New Delhi
Name of publisher, distributor, etc. Harper Collins
365 ## - TRADE PRICE
Currency code RS
Price amount 25
Holdings
Withdrawn status Lost status Damaged status Not for loan Home library Current library Shelving location Date acquired Source of acquisition Cost, normal purchase price Total Checkouts Full call number Barcode Date last seen Date last checked out Copy number Price effective from Koha item type
        IMTN IMTN Rack 40-B 05/02/2012 IBH 150.00 2 823 GAS 18528 01/28/2025 01/24/2025 1 06/24/2024 Books
Designed & Maintained by: LRC IMT Nagpur Contact: lrc@imtnag.ac.in© 2024. All Rights Reserved.